| 000 | 00489cam a2200205ua 4500 | ||
|---|---|---|---|
| 001 | 8454 | ||
| 008 | 150130n ii |||gr||||Z||||||eng | ||
| 020 | _a9788130919034 | ||
| 040 | _cMAIN | ||
| 041 | _aeng | ||
| 082 | _a820 | ||
| 100 |
_aWoods, T., _dA, _eAuthor. |
||
| 245 | 1 |
_aBeginning postmodernism _cBy Tim Woods |
|
| 250 | _a2nd. | ||
| 260 |
_aNew Delhi: _bViva, _c2011. |
||
| 300 | _a329p. | ||
| 653 | _aEnglish.& Old English literatures | ||
| 653 | _aPostmodernism | ||
| 942 | _cBK | ||
| 999 |
_c7562 _d7562 |
||